00624nam a22001937a 450000500170000001000120001702000260002903700280005508200130008310000330009624500830012925000060021226000560021827000660027430000220034070000250036294200240038799900190041120260227113448.0 aBACEN26 a9789370635883c475.00 bVikas Publishing House  21a006.3 aGurazada, Pavankumar 987639 aArtificial Intelligence in Business/cby Pavankumar Gurazada [and] Seema Gupta a1 aUttar PradeshbS. Chand Publishing Housec2026(Rep) aD-92, Sector-2, Noida bUttar Pradeshe201301k61-120-4682700 a352p. c24cm(pb)  aGupta, Seema 985299 2ddccENh006.3mGUR c215063d215063